000 01431cam a2200337 i 4500
001 17693926
003 SISC
005 20170302083537.0
008 130411s2014 nyu b 001 0 eng
010 _a 2013011582
020 _a9780077862213
020 _a007786221X
040 _aDLC
_beng
_cDLC
_erda
_dDLC
042 _apcc
043 _an-us---
050 0 0 _aHF 5616.U5
_b.M535 2014
082 0 0 _a174/.4
100 1 _aMintz, Steven M.
245 1 0 _aEthical obligations and decision making in accounting :
_btext and cases /
_cSteven M. Mintz, DBA, CPA, Professor of Accounting California Polytechnic State University, San Luis Obispo Roselyn E. Morris, PhD, CPA, Professor of Accounting Texas State University-San Marcos.
250 _a3rd edition.
260 _aNew York :
_bMcGraw-Hill,
_c2014.
300 _axxii, 597 pages ;
_c25 cm.
500 _aIncludes bibliographical references and index.
650 0 _aAccountants
_xProfessional ethics
_zUnited States
_vCase studies.
700 1 _aMorris, Roselyn E.
856 4 2 _3Publisher description
_uhttp://www.loc.gov/catdir/enhancements/fy1501/2013011582-d.html
856 4 1 _3Table of contents only
_uhttp://www.loc.gov/catdir/enhancements/fy1501/2013011582-t.html
906 _a7
_bcbc
_corignew
_d1
_eecip
_f20
_gy-gencatlg
942 _2lcc
_cBK
_kFOR
999 _c288375
_d288375